| 000 | 00745cab a2200217 4500 | ||
|---|---|---|---|
| 001 | WB2840-04 | ||
| 008 | 090401t1992 xxu||||| |||| 00| 0 eng d | ||
| 035 | _a(Sirsi) u38867 | ||
| 041 | _aeng | ||
| 245 | _aWatchdog to probe sale of PSA unit | ||
| 260 | _c1992 | ||
| 350 | _a0 | ||
| 490 |
_aFinancial Times _v15 October 1992, 8(1) |
||
| 520 | _aThe National Audit Office is to investigate the sale of the Property Services Agency (PSA) Projects Division to Tarmac. This will be followed by an inquiry by the House of Commons public accounts committee. | ||
| 650 | _aNATIONAL AUDIT OFFICE | ||
| 650 | _aPROPERTY SERVICES AGENCY PROJECTS DIVISION | ||
| 650 | _aPSA | ||
| 690 | _aBUILT ENVIRONMENT | ||
| 942 | _n0 | ||
| 948 | _c04/03/1997 | ||
| 999 |
_c24929 _d24929 |
||